ABC of common errors

Bibliographic Details
Main Author: Burton, S. H. [ (Samuel Holroyd)] (Author)
Format: Book
Published: Harlow, Essex : Longman , 1983
Subjects:

MARC

LEADER 00000cam a2200000 7i4500
001 0000008581
005 20161115093000.0
008 021119s1983
020 |a 0582250536 
090 0 0 |a PE1199   |b .B87 
100 0 |a Burton, S. H. [  |q (Samuel Holroyd)] ,   |e author 
245 1 0 |a ABC of common errors   |c S. H. Burton 
260 2 |a Harlow, Essex :   |b Longman ,   |c 1983 
300 |a 62 p. ;   |c 18 cm. 
650 0 |a English language   |x Errors of usage 
650 0 |a English language   |x Grammar 
999 |a 1000035150   |b Book   |c OPEN SHELF (30 DAYS)   |e Gong Badak Campus